000 00413nmm a2200157 a 4500
003 AR-BaBNM
005 20251128203912.0
008 303119s1908 ||||||||||||||000 | spa||
040 _cAR-BaBNM
100 1 _aMir y Noguera, Juan
245 1 0 _aProntuario de hispanismo y barbarismo
_nTomo segundo
260 _aMadrid
_bSáenz de Jubera Hermanos, Editores
_c1908
300 0 _a2 v.
942 _cBK
998 _cGiles
999 _c5404
_d5404